MARC

Tag First Indicator Second Indicator Subfields
LEADER 00000cam a2200000Ia 4500
001 in00004517543
005 20191204154009.0
008 111212s2011 txuacd b s101 0 eng d
035 |a (OCoLC)ocn768133514 
035 |a (OCoLC)768133514 
035 |z (UtOrBLW)55312 
035 |a 76734 
040 |a TMV  |c TMV  |d UtOrBLW 
049 |a TMVM  |c 1 
060 4 |a SF 992.C35  |b O5839o 2011 
111 2 |a Oncology/cytology Conference  |d (2011 :  |c Texas A & M University) 
245 1 0 |a Oncology/cytology :  |b December 2-4, 2011 /  |c sponsored by the Office of Veterinary Continuing Education, College of Veterinary Medicine & Biomedical Sciences,Texas A&M University. 
264 1 |a [College Station, Tex.] :  |b [Office of Veterinary Continuing Education, College of Veterinary Medicine and Biomedical Sciences, Texas A&M University],  |c [2011?] 
300 |a 118 pages (17 leaves) :  |b illustrations ;  |c 28 cm. 
336 |a text  |2 rdacontent  |b txt 
337 |a unmediated  |2 rdamedia 
338 |a volume  |2 rdacarrier  |b nc 
504 |a Includes bibliographical references. 
505 0 |a About your speakers -- Central nervous system tumors -- Practical radiation therapy : basic principles and applications -- Round cell tumors : the big 5 -- Updates in canine osteosarcoma -- Decision making for the clinical cancer patient -- New drug therapies -- Evaluating cytology slides from suspected tumors -- Oral tumors in dogs and cats -- Skin tumors in dogs and cats 
650 0 |a Veterinary oncology. 
650 2 |a Veterinary Medicine. 
650 2 |a Neoplasms  |x veterinary. 
655 2 |a Congresses. 
710 2 |a Texas A & M University.  |b College of Veterinary Medicine & Biomedical Sciences.  |b Office of Veterinary Continuing Education. 
999 |a MARS 
999 f f |s 3471085b-7321-3219-b34a-accfdc85418f  |i 5f063268-b586-3099-9d43-4d185a4afc71  |t 0 
952 f f |p ric  |a Texas A&M University  |b Rellis Campus  |c Joint Library Facility  |d Remote Storage  |t 0  |h Other scheme  |i unmediated -- volume  |m 3238902227858 
998 f f |t 0  |l Remote Storage